Normal view
MARC view
- Muhammad Sami-uz-Zaman
Entry Personal Name
001 - CONTROL NUMBER
- control field: 15482
003 - CONTROL NUMBER IDENTIFIER
- control field: NUST
005 - DATE AND TIME OF LATEST TRANSACTION
- control field: 20190625063801.0
008 - FIXED-LENGTH DATA ELEMENTS
- fixed length control field: 190625|| aca||aabn | a|a d
040 ## - CATALOGING SOURCE
- Original cataloging agency: NUST
- Transcribing agency: NUST
100 ## - HEADING--PERSONAL NAME
- Personal name: Muhammad Sami-uz-Zaman
670 ## - SOURCE DATA FOUND
- Source citation: Work cat.: (NUST): Muhammad Sami-uz-Zaman, INSPECTION AND ANALYSIS OF ELECTRIC HEATING ELEMENT PRODUCTION FACILITY AND VALIDATION OF A RECOMMENDED STRATEGY TO REDUCE REJECTIONS IN THE PRODUCTION LINE / , 2013.
